书目信息 |
| 题名: |
数字图像处理
|
|
| 作者: | 王宏, 赵海滨编著 ;南京大学计算机科学系 | |
| 分册: | ||
| 出版信息: | 1995 |
|
| 页数: | 298-580页 | |
| 开本: | 26cm | |
| 丛书名: | ||
| 单 册: | ||
| 中图分类: | TN911.73 | |
| 科图分类: | ||
| 主题词: | 数字图象处理-JAVA语言-程序设计 | |
| 电子资源: | ||
| ISBN: | ||
| 000 | 00742nam0 2200217 45 | |
| 001 | 010460536970 | |
| 005 | 20070111160312.34 | |
| 010 | @dCNY6.16 | |
| 100 | @a20061027d1995 ekmy0 y0120 ea | |
| 105 | @ay z 000yy | |
| 200 | 1 | @a数字图像处理@f南京大学计算机科学系@Fnan jing da xue ji suan ji ke xue xi |
| 210 | @d1995 | |
| 215 | @a298-580页@d26cm@e光盘(1)张 | |
| 330 | @a本书详细地介绍了数字图像处理的基本原理和方法。主要包括:数字图像处理的数学基础、图像的数字化、图像复 | |
| 606 | 1 | @a数字图象处理-JAVA语言-程序设计 |
| 690 | @aTN911.73@v4 | |
| 701 | 0 | @a王宏, 赵海滨编著 |
| 711 | 0 | @a南京大学计算机科学系@Anan jing da xue ji suan ji ke xue xi |
| 801 | 0 | @aCN@b安徽儒林@c20070111 |
| 905 | @dTN911.73@eN139 | |
| 906 | @dCNY28.00@n2@r1 | |
| 数字图像处理/南京大学计算机科学系.-1995 |
| 298-580页;26cm+光盘(1)张 |
| ISBN :CNY6.16 |
| 本书详细地介绍了数字图像处理的基本原理和方法。主要包括:数字图像处理的数学基础、图像的数字化、图像复 |
| ● |
| 相关链接 |
|
|
|
正题名:数字图像处理
索取号:TN911.73/N139
 
预约/预借
| 序号 | 登录号 | 条形码 | 馆藏地/架位号 | 状态 | 备注 |
| 1 | 444850 | 204448507 | 自科二线400A/400A自科库 2排1列4层/ [索取号:TN911.73/N139] | 在馆 |